000 00560nam a2200181 u 4500
001 000642807
003 AM-YeHGA
005 20250617140854.0
008 090317s1962 ||| r 000 0 rus d
040 _aAM-YeHGA
041 1 _arus
_hchv
100 1 _aХузангай, Педер
245 1 0 _aСтихи :
_bПеревод с чувашского /
_cПедер Хузангай.
260 _aМосква :
_bСов. писатель,
_c1962.
300 _a183 с. :
_bпортр., ил.
653 0 _aЧувашская поэзия
090 _c229944
999 _c228399
_d228399